Ampliación y mantenimiento de puestos de salud del municipio de San Carlos, departamento de Río San Juan
En este se determinan las condiciones físicas de la infraestructura y el funcionamiento de los puestos de salud y define el nivel de intervención física necesaria con base en los grados de prioridad.
| Main Author: | |
|---|---|
| Other Authors: | |
| Format: | Tesis Section = Libro |
| Language: | Undetermined Spanish |
| Published: |
Managua
UNI
2013
|
| Subjects: |
| LEADER | 01099nam a2200253Ia 4500 | ||
|---|---|---|---|
| 008 | 240830s9999 xx 000 0 und d | ||
| 040 | |a BIBLIOTECA-RUSB/ Mon 658.404 S479 | ||
| 041 | |a spa | ||
| 082 | |a Mon 658.404 S479 | ||
| 100 | 1 | |a Sequeira Vega, Kathereen María | |
| 245 | 1 | 0 | |a Ampliación y mantenimiento de puestos de salud del municipio de San Carlos, departamento de Río San Juan |
| 260 | |a Managua |b UNI |c 2013 | ||
| 300 | |a 78 p. :il. | ||
| 500 | |a Contiene: anexos e Incluye: CD. | ||
| 502 | |a Tesis (Arquitecto) - UNI, 2013. | ||
| 520 | 3 | |a En este se determinan las condiciones físicas de la infraestructura y el funcionamiento de los puestos de salud y define el nivel de intervención física necesaria con base en los grados de prioridad. | |
| 650 | 7 | |a ADIMINISTRACIÓN DE PROYECTOS | |
| 650 | 7 | |b DESARROLLO - MANTENIMIENTO Y AMPLIACIÓN - PUESTOS DE SALUD - SAN CARLOS - RÍO SAN JUAN | |
| 650 | 7 | |c PRESUPUESTO - PROYECTOS | |
| 650 | 7 | |d PRÁCTICAS PROFESIONALES | |
| 700 | 1 | |a Tutor: |b Mayorga Navarro, Eduardo José | |
| 942 | |c BK |2 ddc | ||
| 991 | |a TESIS | ||
| 999 | |c 20602 | ||